Pearson Ridge quadrangle, Oregon : 7.5-minute series (topographic) /

Bibliographic Details
Corporate Author: United States. Forest Service (Cartographer)
Format: Government Document Map Serial
Language:English
Published: [Washington, D.C.] : U.S. Department of Agriculture, Forest Service, 2012-
Subjects:
Online Access:Current edition only
Archives
Current edition only:
Archives:
http://purl.fdlp.gov/GPO/gpo50799

MARC

Tag First Indicator Second Indicator Subfields
LEADER 00000ces a2200000Ii 4500
001 in00003446621
005 20181030094606.0
006 s x f0 0
006 m o d f
007 cr cn|||||||||
007 aj cznzn
008 140723c20129999dcuag bh c fo 1 eng d
034 1 |a a  |b 24000  |d W1184500  |e W1183730  |f N0450730  |g N0450000 
035 |a (OCoLC)ocn884461743 
040 |a GPO  |b eng  |e rda  |e pn  |c GPO  |d GPO  |d COO  |d OCLCO  |d GPO  |d OCLCF  |d OCL  |d GPO  |d MvI 
043 |a n-us-or  |a n-us-wa 
049 |a WWW 
052 |a 4292  |b U5 
074 |a 0080-G-04 (online) 
086 0 |a A 13.28/6:45118-A 6/ 
110 1 |a United States.  |b Forest Service,  |e cartographer. 
245 1 0 |a Pearson Ridge quadrangle, Oregon :  |b 7.5-minute series (topographic) /  |c produced by the USDA Forest Service. 
246 1 |i Filing title:  |a Pearson Ridge, OR 
255 |a Scale 1:24,000 ;  |b universal transverse Mercator projection  |c (W 118°45ʹ00ʺ--W 118°37ʹ30ʺ/N 45°07ʹ30ʺ--N 45°00ʹ00ʺ). 
264 1 |a [Washington, D.C.] :  |b U.S. Department of Agriculture, Forest Service,  |c 2012- 
300 |a 1 online resource (maps) :  |b color 
310 |a Irregular 
336 |a cartographic image  |b cri  |2 rdacontent 
337 |a computer  |b c  |2 rdamedia 
338 |a online resource  |b cr  |2 rdacarrier 
362 1 |a Began with 2012. 
500 |a Relief shown by contours and spot heights. 
500 |a Includes location map and index to adjoining quadrangles. 
588 |a Description based on: 2012; title from title screen (viewed on July 23, 2014). 
588 |a Latest issue consulted: 2015 (viewed on Apr. 27, 2016). 
651 0 |a Umatilla National Forest (Or. and Wash.)  |v Maps. 
651 7 |a United States  |z Umatilla National Forest.  |2 fast  |0 (OCoLC)fst01310861 
655 7 |a Topographic maps.  |2 fast  |0 (OCoLC)fst01423808 
655 7 |a Topographic maps.  |2 lcgft 
655 7 |a Maps.  |2 fast  |0 (OCoLC)fst01423704 
776 0 8 |i Print version:  |a United States. Forest Service.  |t Pearson Ridge quadrangle, Oregon  |w (OCoLC)884461373 
856 4 0 |3 Current edition only  |u http://purl.fdlp.gov/GPO/gpo67487  |t 0 
856 4 0 |3 Archives  |u http://purl.fdlp.gov/GPO/gpo50799  |t 0 
856 4 0 |3 Current edition only:  |u http://purl.fdlp.gov/GPO/gpo67487  |t 0 
856 4 0 |3 Archives:  |u http://purl.fdlp.gov/GPO/gpo50799  |t 0 
856 4 0 |u http://purl.fdlp.gov/GPO/gpo50799  |t 0 
999 f f |s 8e08059b-e802-30f7-9da1-fc3cf61384e1  |i 4d20a051-7bc5-3cdc-8577-2923d300b714  |t 0 
952 f f |a Texas A&M University  |b College Station  |c Electronic Resources  |d Available Online  |t 0  |e A 13.28/6:45118-A 6/  |h Superintendent of Documents classification 
998 f f |a A 13.28/6:45118-A 6/  |t 0  |l Available Online